000 00584nam a2200205Ia 4500
005 20260429111941.0
008 260429s9999||||xx |||||||||||||| ||und||
020 _a9788184116540
041 _aEnglish
082 _a570.285
_bSIN
100 _aSingh, Dharmendra Pratap
245 0 _aBioinformatics and cell and molecular biology /
_cDharmendra Pratap Singh
260 _aNew Delhi :
_bSonali Publications,
_c2025.
300 _ax, 330 p.; hb
650 _a Cell biology
650 _a Molecular biology
650 _aBioinformatics
700 _a Tomar, Vibha
942 _cTB
999 _c51576
_d51576